000 04120nab a2200337 i 4500
003 BR-BrBNA
005 20230829133635.0
008 230425b2018 bl.ar|pooa||| 00| 0 eng |
040 _aBR-BrBNA
_beng
072 _aH60
_b0336
100 _aCesco, V.J.S.
100 _aKrenchinski, F.H.
100 _aRodrigues, D.M.
100 _aNardi, R.
100 _aAlbrecht, A.J.P.
100 _aAlbrecht, L.P.
245 _aAgronomic performance of intacta RR2 soybean submitted to doses of glyphosate
500 _aPublicação on-line; 30 ref.; 1 table; 12 illus.; Summaries (En, Pt)
520 _a ABSTRACT - This study aimed at evaluating the agronomic performance of Intacta RR2 soybean submitted to the application of glyphosate doses in post-emergence. For this, two experiments were conducted in two locations (Palotina and Marechal Cândido Rondon - Paraná state). Applications were carried out with increasing rates of glyphosate (0, 720, 1,440, 2,160, 2,880, 3,600, 4,320 g a.e. ha-1), constituting seven treatments with an experimental design in randomized blocks with four replications, totaling 28 plots for each location. The cultivar used for both experiments was Monsoy 6210 Intacta RR2 IPROTM. The analyzed variables were phytotoxicity at 3, 7, 14, 21 and 28 DAA, A-B and total chlorophyll index, final height, number of pods, 100-seed weight, and yield. A regression analysis was used. There was a positive behavior of the linear regression for phytotoxicity and a negative one for final height, number of pods, A-B and total chlorophyll index, and yield in the city of Palotina. In Marechal Cândido Rondon, there were adjustments of the positive linear regressions for phytotoxicity, and negative linear regressions for chlorophyll index, final height, number of pods and yield. Results show that the glyphosate increase from the dose 1,440 g a.e. ha-1 in the studied cultivar damaged the agronomic performance of the culture. Keywords: Glycine max, yield, phytotoxicity, herbicides, transgenic soybean.
520 _a RESUMO - O presente trabalho objetivou avaliar o desempenho agronômico da soja Intacta RR2 submetida à aplicação de doses de glyphosate em pós-emergência. Para isso, foram realizados dois experimentos em duas localidades (Palotina-PR e Marechal Cândido Rondon-PR). Foram feitas aplicações de doses crescentes de glyphosate (0, 720, 1.440, 2.160, 2.880, 3.600 e 4.320 g e.a. ha-1), constituindo sete tratamentos em delineamento em blocos ao acaso com quatro repetições, totalizando 28 parcelas para cada local. O cultivar utilizado em ambos os experimentos foi o Monsoy 6210 Intacta RR2 IPROTM. As variáveis analisadas foram fitotoxicidade aos 3, 7, 14, 21 e 28 DAA, índice de clorofila A, B e total, altura final, número de vagens, massa de 100 sementes e produtividade. Foi empregada a análise de regressão. Houve comportamento positivo da regressão linear para a fitotoxicidade e negativo para altura final, número de vagens, índice de clorofila A, B e total e, ainda, produtividade no município de Palotina. Em Marechal Cândido Rondon, houve ajustes de regressões lineares positivas para a fitotoxicidade e negativas para índice de clorofila total, altura final, número de vagens e produtividade. A partir dos resultados, verificou-se que o aumento das doses de glyphosate a partir de 1.440 g e.a. ha-1 no cultivar estudado prejudicou o desempenho agronômico da cultura. Palavras-chave: Glycine max, produtividade, fitotoxicidade, herbicidas, soja transgênica.
650 _aGLYCINE MAX
650 _aSOJA
650 _aPRODUTIVIDADE
650 _aFITOTOXICIDADE
650 _aHERBICIDA
650 _aPLANTA TRANSGÊNICA
773 0 _0886
_91815
_dLondrina-PR : Sociedade Brasileira da Ciência das Plantas Daninhas, 1978
_o2023-031022
_tPlanta Daninha (Brazil)
_x0100-8358; 1806-9681 (on-line)
_gv. 36 p. 1-10; (2018)
_wBR2023000106
856 _uhttps://www.scielo.br/j/pd/a/kMtgBzgqyDPPTsQ9Cph64kg/?format=pdf&lang=en
942 _cAnalítica
999 _c8964
_d8964